सर्कस सुंदरी आणि इतर रहस्य कथा (Record no. 412869)

MARC details
000 -LEADER
fixed length control field 00558nam a2200145Ia 4500
008 - FIXED-LENGTH DATA ELEMENTS--GENERAL INFORMATION
fixed length control field 100122s9999 xx 000 0 und d
082 ## - DEWEY DECIMAL CLASSIFICATION NUMBER
Item number 26374
Classification number 823.08
100 ## - MAIN ENTRY--PERSONAL NAME
Personal name शेखर
245 ## - TITLE STATEMENT
Title सर्कस सुंदरी आणि इतर रहस्य कथा
260 ## - PUBLICATION, DISTRIBUTION, ETC. (IMPRINT)
Name of publisher, distributor, etc अंजु प्रकाशन
Date of publication, distribution, etc 1978
300 ## - PHYSICAL DESCRIPTION
Extent 159
630 ## - SUBJECT ADDED ENTRY--UNIFORM TITLE
Uniform title सर्कस सुंदरी आणि इतर रहस्य कथा
730 ## - ADDED ENTRY--UNIFORM TITLE
Uniform title सर्कस सुंदरी आणि इतर रहस्य कथा
942 ## - ADDED ENTRY ELEMENTS (KOHA)
Koha item type Book
Holdings
Withdrawn status Lost status Damaged status Not for loan Home library Current library Date acquired Cost, normal purchase price Total Checkouts Full call number Barcode Date last seen Cost, replacement price Price effective from Koha item type Public note
        S.V. Pathak Library, Vile Parle S.V. Pathak Library, Vile Parle 05/31/1978 15.00   26374 SVPPARLE-26374 01/25/2010 15.00 01/25/2010 Book General NA